| 000 | 01014nas a2200289 i 4500 | ||
|---|---|---|---|
| 001 | 2703 | ||
| 003 | ES-MaACL | ||
| 005 | 20250901225233.0 | ||
| 007 | t| | ||
| 008 | 980223d19941997sp m| | 0 ||pa d | ||
| 022 | _a1133-8075 | ||
| 080 | _a339 | ||
| 245 | 0 | 0 |
_aExpansión internacional / _cInstituto Español de Comercio Exterior. |
| 260 |
_aMadrid : _bICEX, _c1994-1997. |
||
| 300 |
_av. ; _c28 cm. |
||
| 310 | _aMensual | ||
| 362 | 0 | _aNº 111 (feb. 1994) - nº 145 (mar. 1997) | |
| 650 | 1 | 7 |
_aComercio _2embne _911157 |
| 655 | 7 |
_2tgfbne _9226866 _aRevistas |
|
| 710 | 2 |
_aInstituto Español de Comercio Exterior _95037 |
|
| 780 | 0 | 0 |
_aExpansión comercial _x, ISSN 0212-7350 (continuando su numeración). |
| 785 | 0 | 0 |
_aEl Exportador _x, ISSN 1137-6384. |
| 852 |
_aES-MaACL _jHEM-H-499 _92800 _cHEM _dOlim: Hem-1712 _zExpurgada marzo 2025: posterior 1958; sin encuadernar; muy incompleta; 23 ubicaciones en REBIUN |
||
| 866 | 0 | _o1994-1997 | |
| 942 | _2udc | ||
| 999 |
_c2703 _d2703 |
||